|
|
|
|
| LEADER |
00000cam a2200000 a 4500 |
| 001 |
017045 |
| 003 |
UAHC_CL |
| 005 |
20170803121439.0 |
| 008 |
010822b xx j 000 1 eng |
| 020 |
|
|
|z 9567106267
|
| 040 |
|
|
|a UAHC_CL
|c UAHC_CL
|d UAHC_CL
|
| 100 |
1 |
|
|a Morandé, Felipe
|
| 245 |
1 |
0 |
|a Chile y el Nafta diálogo público.
|
| 260 |
|
|
|b CINDA
|a Santiago, Chile
|
| 300 |
|
|
|a 407 p.
|
| 650 |
|
4 |
|a ECONOMIA
|
| 650 |
|
4 |
|a NAFTA (1992)
|
| 700 |
1 |
|
|a Sánchez, José Miguel
|
| 700 |
1 |
|
|a Cubillos, Gonzalo
|
| 700 |
1 |
|
|a García, Sergio
|
| 700 |
1 |
|
|a Andrade, Roberto
|
| 700 |
1 |
|
|a Bostwick, Laurence
|
| 700 |
1 |
|
|a Hennekes, David
|
| 700 |
1 |
|
|a Benavente, Diego
|
| 700 |
1 |
|
|a Muñoz, Andrés
|
| 700 |
1 |
|
|a Ríos, Mónica
|
| 700 |
1 |
|
|a Martner, Gonzalo
|
| 700 |
1 |
|
|a Barra, Ricardo
|
| 700 |
1 |
|
|a Pérez, Manuel
|
| 700 |
1 |
|
|a Rubin, Jared
|
| 700 |
1 |
|
|a Olavarría, Jaime
|
| 700 |
1 |
|
|a Rojas, Alvaro
|
| 700 |
1 |
|
|a Gómez, Sergio
|
| 700 |
1 |
|
|a Tapia, Francisco
|
| 700 |
1 |
|
|a Barrera, Manuel
|
| 700 |
1 |
|
|a Rodríguez, Antonio
|
| 700 |
1 |
|
|a Bruna, Augusto
|
| 700 |
1 |
|
|a Walker, Francisco
|
| 700 |
1 |
|
|a Manzi, Ricardo
|
| 700 |
1 |
|
|a Espinoza, Jorge
|
| 700 |
1 |
|
|a Martinic, Sergio
|
| 700 |
1 |
|
|a Saint Jean, Denise
|
| 900 |
|
|
|a 382.9 CHI
|
| 942 |
|
|
|c BK
|
| 952 |
|
|
|0 0
|1 0
|4 0
|6 382_900000000000000_CHI
|7 0
|8 General
|9 33863
|a BC
|b BC
|c General
|d 2017-08-03
|l 0
|o 382.9 CHI
|p 1300879
|r 2026-01-13 00:00:00
|t 1
|w 2017-08-03
|y BK
|
| 952 |
|
|
|0 0
|1 0
|4 0
|6 382_900000000000000_CHI
|7 0
|8 General
|9 33864
|a BC
|b BC
|c General
|d 2017-08-03
|l 0
|o 382.9 CHI
|p 1318021
|r 2026-01-13 00:00:00
|t 2
|w 2017-08-03
|y BK
|
| 999 |
|
|
|c 17045
|d 17045
|